000 00322nam a2200121Ia 4500
005 20251222143242.0
008 251222s9999||||xx |||||||||||||| ||spa||
082 _a514/T68
100 _aTola Pasquel, José
245 0 _aIntroducción a la Topología
264 _bPontificia Universidad Católica Del Perú
942 _cLIB
999 _c14632
_d14632